Los museos en Cuba.
Salvato in:
| Natura: | Sconosciuto |
|---|---|
| Lingua: | Spanish |
| Pubblicazione: |
Cuba :
Ministerio de Cultura,
1984.
|
| Soggetti: | |
| Tags: |
Aggiungi Tag
Nessun Tag, puoi essere il primo ad aggiungerne!!
|
MARC
| LEADER | 000000000a22000000004500 | ||
|---|---|---|---|
| 001 | 003271 | ||
| 041 | 0 | |a spa | |
| 082 | 0 | 4 | |a 352.76 |b M986m |
| 245 | 0 | 4 | |a Los museos en Cuba. |
| 260 | 1 | |a Cuba : |b Ministerio de Cultura, |c 1984. | |
| 650 | 4 | |a CUBA | |
| 650 | 4 | |a MUSEOS | |
| 650 | 4 | |a PATRIMONIO CULTURAL | |
| 650 | 4 | |a PROTECCION | |
| 999 | |c 9534 |d 9534 | ||
| 942 | |c BK |h 352.76 M986m |2 z | ||
